|
|
|
|
| LEADER |
00837cam a2200229 a 4500 |
| 001 |
0000113720 |
| 005 |
20111101090000.0 |
| 040 |
|
|
|a mod
|
| 041 |
|
|
|a eng
|
| 022 |
0 |
0 |
|a 09604448
|
| 090 |
0 |
0 |
|a 359.82
|b NAV
|c f
|e 2007
|
| 245 |
0 |
0 |
|a Naval weapon systems
|b issue forty-seven-Oktober 2007
|c edited by E R Hooton
|
| 260 |
0 |
0 |
|a UK
|b Jane's Information Group
|c 2007
|
| 300 |
0 |
0 |
|a 728 p.
|b ill.
|c 30 cm
|
| 440 |
0 |
0 |
|a Jane's
|v issue forty-seven
|
| 650 |
0 |
0 |
|a Ordnance, Naval
|x Periodicals
|
| 650 |
0 |
0 |
|a Weapons systems
|x Periodicals
|
| 700 |
1 |
1 |
|a Hooton
|h E R
|
| 852 |
0 |
0 |
|a 01
|
| 999 |
|
|
|a 0275879
|b KEMENTAH
|d BOOKS
|e Rujukan
|f Perpustakaan KEMENTAH
|j AVAILABLE
|q GOOD CONDITION
|
| 999 |
|
|
|a 0275881
|b KEMENTAH
|d BOOKS
|e Rujukan
|f Perpustakaan KEMENTAH
|j AVAILABLE
|q GOOD CONDITION
|
| 999 |
|
|
|a 0276572
|b KEMENTAH
|d BOOKS
|e Rujukan
|f Perpustakaan KEMENTAH
|j AVAILABLE
|q GOOD CONDITION
|